| 000 | 00914nam a2200217Ia 4500 | ||
|---|---|---|---|
| 999 |
_c37937 _d37937 |
||
| 001 | 3918 | ||
| 003 | GE_BSU | ||
| 005 | 20190910170940.0 | ||
| 008 | 181216s1988||||ge |||||||||||||| ||geo|| | ||
| 040 | _cGE_BSU | ||
| 041 | _ageo | ||
| 080 | _a37.01(479.22) ზ–77 | ||
| 100 |
_aზოიძე, აკაკი _92060 |
||
| 245 |
_aპატრიოტულ–ინტერნაციონალური აღზრდისათვის / _cრედ. ა. გობრონიძე. |
||
| 264 |
_aბათუმი : _bსაბჭ. აჭარა, _c1988. |
||
| 300 |
_a115 გვ.; _b17 სმ. |
||
| 653 | _aპატრიოტული აღზრდა სკოლაში | ||
| 653 | _aინტერნაციონალური აღზრდა სკოლაში | ||
| 700 |
_aგობრონიძე, ა. _eრედაქტორი _93948 |
||
| 942 |
_cBK _2udc |
||